000 00906nam a2200241 a 4500
001 83377
003 BD-RjUL
005 20240318114436.0
008 240318s1982 bg a|||| m||| 00| 0 eng d
035 _a(BD-RjUL)83377
040 _aBD-RjUL
_beng
_cBD-RjUL
_dBD-RjUL
041 _aeng
082 _223
_a307.3364
_bRAS 1982
100 _aRAHMAN, MD. ABDUR
_912378
245 1 0 _aSOCIO-ECONOMIC BACKGROUND OF DEVIANTS IN SLUMS OF RAJSHAHI TOWN /
_cMD. ABDUR Rahman
_6Supervisor : Md. Ali Akbar
260 _aRajshahi :
_bInstitute of Bangladesh Studies,University of Rajshahi
_c1982
300 _a[1], vi, 152 leaves :
_bill.;
_c29 cm.
502 _aThesis (M. Phil.) -- Institute of Bangladesh Studies,University of Rajshahi,1982
504 _aReferences : Leaves 147-152
650 _aSlums
_xDeviants
_zBangladesh
_zRajshahi Town
_912379
700 _aAkbar, Md. Ali, Supervisor
_99590
942 _2ddc
_cTHE
999 _c83377
_d83377